000 01012cad a22002535a 4500
001 E153257
008 110704s2011 xxk f s000 0 eng d
020 _a9781780452418
022 1 _a2045-6964
035 _a(Sirsi) u153257
041 0 _aeng
110 2 _aGVA
_95945
245 0 4 _aThe potential of development charges in the Scottish planning system
_h[electronic resource]
260 _aEdinburgh
_bScottish Government
_c2011
520 _aLooks at the potential of development charges within the planning system in Scotland, through the use of five test models. Suggests that the measured/negotiated models are the ones whcih should be pursued.
590 _aKA
651 4 _aScotland
_y1999-
690 _aENVIRONMENTAL AND LAND CONSULTANCY-PLANNING AND DEVELOPMENT
700 1 _aTolson, Steven
710 1 _aDLA Piper
710 1 _aTurner & Townsend
856 4 0 _uhttps://www.scotland.gov.uk/Publications/2011/06/29082709/0
_zView the item free of charge at www.scotland.gov.uk
942 _n0
999 _c112436
_d112436